| 000 | 00502nam a2200133Ia 4500 | ||
|---|---|---|---|
| 008 | 180815s9999 xx 000 0 und d | ||
| 020 | _a9789715473033 | ||
| 100 | _aBautista, Ofelia K. | ||
| 245 |
_cOfelia K. Bautista, Teresita L. Rosario, Roberto K. Bautista, Jr.-- _aTechnical writing for publication in journals and for presentation / |
||
| 260 |
_aLaguna : _bUniversity of the Philippines - Los BaƱos _c2012 |
||
| 300 | _a218 pages. | ||
| 650 | _aAcademic writing. | ||
| 650 | _aTechinical writing. | ||
| 999 |
_c358320 _d358320 |
||